[Event "16. Obert Internacional Sant Martí 2014"]
[Site "Barcelona ESP"]
[Date "2014.07.16"]
[Round "4.4"]
[White "Bachmann, Axel"]
[Black "Asis Gargatagli, Hipolito"]
[Result "0-1"]
[WhiteElo "2652"]
[BlackElo "2460"]
[PlyCount "96"]
[EventDate "2014.07.13"]
[EventType "swiss"]
[EventRounds "9"]
[EventCountry "ESP"]
[Source "lmi"]
[SourceDate "2014.07.13"]

1. c4 Nf6 2. Nc3 c5 3. Nf3 g6 4. d4 cxd4 5. Nxd4 Nc6 6. e4 Nxd4 7. Qxd4 d6 8.
Bg5 Bg7 9. Be2 O-O 10. Qd2 a5 11. O-O a4 12. Rab1 Be6 13. Rfc1 Qa5 14. b4 axb3
15. axb3 Rfc8 16. f3 Kf8 17. Bf1 Nd7 18. Kh1 Bf6 19. Be3 Qb4 20. Qe1 Ra3 21.
Bd2 Qb6 22. b4 Qd8 23. Nd5 Bxd5 24. exd5 h5 25. f4 Nb6 26. f5 g5 27. Be3 Na4
28. Rc2 Qd7 29. Qc1 Rc3 30. Bxg5 Qxf5 31. Bxf6 Qxf6 32. Rbb2 Rxc2 33. Rxc2 b5
34. c5 dxc5 35. Bxb5 Nb6 36. bxc5 Nxd5 37. h3 Ra8 38. Rb2 Nc3 39. Rb3 Ne4 40.
c6 Ra1 41. Rb1 Nf2+ 42. Kg1 Nxh3+ 43. Kh1 Nf2+ 44. Kg1 Rxb1 45. Qxb1 Ng4 46.
Qe1 Qd4+ 47. Kh1 Qd6 48. Qg1 Qg3 0-1

[Event "16. Obert Internacional Sant Martí 2014"]
[Site "Barcelona ESP"]
[Date "2014.07.16"]
[Round "4.5"]
[White "Oliva Castaneda, Kevel"]
[Black "Cori, Jorge"]
[Result "0-1"]
[WhiteElo "2419"]
[BlackElo "2608"]
[PlyCount "94"]
[EventDate "2014.07.13"]
[EventType "swiss"]
[EventRounds "9"]
[EventCountry "ESP"]
[Source "lmi"]
[SourceDate "2014.07.13"]

1. Nf3 c5 2. c4 Nc6 3. Nc3 g6 4. g3 Bg7 5. Bg2 d6 6. O-O Bd7 7. e3 Nh6 8. b3
O-O 9. Bb2 Qc8 10. Re1 Bg4 11. Qb1 Re8 12. Nd5 Bxf3 13. Bxf3 Ne5 14. Bg2 e6 15.
Nf4 Nf5 16. d4 cxd4 17. exd4 Nd7 18. Qd1 Rb8 19. Rc1 Qd8 20. Rc2 a5 21. Ne2 b5
22. Ba1 bxc4 23. bxc4 Qc7 24. Qc1 Rec8 25. Be4 Ne7 26. Qa3 Nf6 27. Bg2 d5 28.
c5 Nc6 29. Rd1 Rb7 30. Bc3 Nd7 31. Nc1 Rcb8 32. Nb3 a4 33. Nc1 Rb1 34. Re2 Qa7
35. Ree1 Bf8 36. Nd3 Rxd1 37. Rxd1 Bg7 38. Nb2 Qb7 39. Qxa4 Ra8 40. Qb3 Qxb3
41. axb3 Ra3 42. Nc4 Rxb3 43. Na5 Nxa5 44. Bxa5 Nb8 45. Bf1 Nc6 46. Bb6 Bxd4
47. Rd2 Rc3 0-1

[Event "16. Obert Internacional Sant Martí 2014"]
[Site "Barcelona ESP"]
[Date "2014.07.16"]
[Round "4.6"]
[White "Panelo, Marcelo"]
[Black "Grigoryan, Karen H"]
[Result "0-1"]
[WhiteElo "2448"]
[BlackElo "2592"]
[PlyCount "84"]
[EventDate "2014.07.13"]
[EventType "swiss"]
[EventRounds "9"]
[EventCountry "ESP"]
[Source "lmi"]
[SourceDate "2014.07.13"]

1. d4 Nf6 2. c4 g6 3. Nc3 Bg7 4. e4 d6 5. Nf3 O-O 6. Be2 e5 7. O-O Nc6 8. Be3
Ng4 9. Bg5 f6 10. Bh4 g5 11. Bg3 Nh6 12. dxe5 dxe5 13. c5 Be6 14. Qa4 Qe8 15.
Bc4 Rf7 16. Bxe6 Qxe6 17. h3 Bf8 18. Qb5 a6 19. Qxb7 Ra7 20. Qb3 Qxb3 21. axb3
Bxc5 22. Rfc1 Nd4 23. Nxd4 Bxd4 24. Rc2 c5 25. Na4 f5 26. Nxc5 Rfc7 27. Rac1 f4
28. Bh2 Rc6 29. Rc4 Bxb2 30. R1c2 Bd4 31. Kf1 Nf7 32. Nd3 Rxc4 33. Rxc4 Nd6 34.
Rc6 Nxe4 35. Nxe5 Bxe5 36. Re6 Nd2+ 37. Ke2 Bc3 38. h4 Nxb3 39. Rb6 Nc5 40.
hxg5 Be5 41. f3 Rb7 42. Rc6 Rb2+ 0-1

[Event "16. Obert Internacional Sant Martí 2014"]
[Site "Barcelona ESP"]
[Date "2014.07.16"]
[Round "4.7"]
[White "Martinez Romero, Martin"]
[Black "Lopez Martinez, Josep Manuel"]
[Result "0-1"]
[WhiteElo "2401"]
[BlackElo "2548"]
[PlyCount "64"]
[EventDate "2014.07.13"]
[EventType "swiss"]
[EventRounds "9"]
[EventCountry "ESP"]
[Source "lmi"]
[SourceDate "2014.07.13"]

1. e4 e6 2. d4 d5 3. Nc3 Nf6 4. Bg5 dxe4 5. Nxe4 Nbd7 6. Nf3 Be7 7. Nxf6+ Bxf6
8. Bxf6 Nxf6 9. Bd3 b6 10. Qe2 Bb7 11. O-O-O Qd5 12. Kb1 Qh5 13. Bb5+ Kf8 14.
Qc4 Bxf3 15. gxf3 Qd5 16. Qd3 Rd8 17. Rhe1 Qd6 18. Re5 g6 19. h4 Kg7 20. c3 c5
21. Qe3 h5 22. Bc4 Qc7 23. Bb3 cxd4 24. cxd4 Rd6 25. d5 Qd7 26. Qd4 exd5 27.
Rg1 Qh3 28. Bc2 Rc8 29. Qf4 Rc4 30. Qe3 Qh2 31. Qe1 Rdc6 32. Re2 Qxh4 0-1

[Event "16. Obert Internacional Sant Martí 2014"]
[Site "Barcelona ESP"]
[Date "2014.07.16"]
[Round "4.8"]
[White "Sardana, Rishi"]
[Black "Saptarshi, Roy"]
[Result "1/2-1/2"]
[WhiteElo "2363"]
[BlackElo "2449"]
[PlyCount "100"]
[EventDate "2014.07.13"]
[EventType "swiss"]
[EventRounds "9"]
[EventCountry "ESP"]
[Source "lmi"]
[SourceDate "2014.07.13"]

1. e4 e5 2. Nf3 Nc6 3. Bb5 a6 4. Ba4 Nge7 5. c3 g6 6. d4 exd4 7. cxd4 Bg7 8. d5
b5 9. Bc2 Na5 10. Bd2 Nc4 11. Bc3 Bxc3+ 12. Nxc3 d6 13. b3 Nb6 14. O-O O-O 15.
Nd4 f5 16. Qd2 f4 17. Rfe1 Bd7 18. a3 c5 19. dxc6 Nxc6 20. Nxc6 Bxc6 21. Rad1
Qf6 22. Ne2 Rad8 23. Qa5 Nc8 24. Qxa6 Ne7 25. f3 Qb2 26. Nd4 Ra8 27. Qb6 Rfc8
28. Re2 Qxa3 29. Ne6 d5 30. Qd4 Qa7 31. Nxf4 dxe4 32. Qxa7 Rxa7 33. Bxe4 Bxe4
34. Rxe4 Rc2 35. Re2 Rxe2 36. Nxe2 Ra2 37. Rd8+ Kf7 38. Nc3 Rb2 39. Nxb5 Rxb3
40. Nd6+ Kg7 41. Rd7 Kf8 42. Ne4 h6 43. Nf6 Rb2 44. Ng4 Nf5 45. Ne5 Rb1+ 46.
Kf2 Rb2+ 47. Kg1 Rb1+ 48. Kf2 Rb2+ 49. Kg1 Rb1+ 50. Kf2 Rb2+ 1/2-1/2

[Event "16. Obert Internacional Sant Martí 2014"]
[Site "Barcelona ESP"]
[Date "2014.07.16"]
[Round "4.9"]
[White "Martinez Alcantara, Jose Eduardo"]
[Black "Gonzalez Perez, Arian"]
[Result "1-0"]
[WhiteElo "2295"]
[BlackElo "2494"]
[PlyCount "119"]
[EventDate "2014.07.13"]
[EventType "swiss"]
[EventRounds "9"]
[EventCountry "ESP"]
[Source "lmi"]
[SourceDate "2014.07.13"]

1. c4 g6 2. g3 Bg7 3. Bg2 Nf6 4. Nc3 O-O 5. d3 d6 6. e3 e5 7. Nge2 c6 8. e4 a6
9. O-O b5 10. h3 Be6 11. b3 b4 12. Na4 c5 13. f4 Bd7 14. Nb2 Nc6 15. f5 Ne8 16.
Be3 Nd4 17. Qd2 a5 18. Nxd4 exd4 19. Bg5 f6 20. Bh6 g5 21. Bxg7 Kxg7 22. Bf3
Ra7 23. a4 Rh8 24. Qe2 Kf8 25. Nd1 Bc6 26. Nf2 Rg7 27. Kg2 Qe7 28. Rh1 Rgg8 29.
Rag1 Ng7 30. Re1 h5 31. e5 Bxf3+ 32. Qxf3 dxe5 33. Qa8+ Qe8 34. Qa6 Rh6 35. g4
Rgh8 36. Ne4 Qe7 37. Qxa5 Ne8 38. Qxc5 Qxc5 39. Nxc5 Nc7 40. a5 Ke7 41. a6 Kd6
42. Ne4+ Kc6 43. a7 Ra8 44. Ra1 Kb7 45. Ra4 Rxa7 46. Nd6+ Ka8 47. Rha1 Rxa4 48.
Rxa4+ Kb8 49. Rxb4+ Ka8 50. Ra4+ Kb8 51. gxh5 Rxh5 52. b4 Rh8 53. b5 Rd8 54.
Ne4 Ne8 55. Ra6 Kb7 56. Kf3 Ng7 57. Rxf6 Nh5 58. Nc5+ Kb8 59. Rf7 Nf4 60. b6
1-0

[Event "16. Obert Internacional Sant Martí 2014"]
[Site "Barcelona ESP"]
[Date "2014.07.16"]
[Round "4.10"]
[White "Peralta, Fernando"]
[Black "Das, Sayantan"]
[Result "1-0"]
[WhiteElo "2596"]
[BlackElo "2381"]
[PlyCount "77"]
[EventDate "2014.07.13"]
[EventType "swiss"]
[EventRounds "9"]
[EventCountry "ESP"]
[Source "lmi"]
[SourceDate "2014.07.13"]

1. d4 d5 2. c4 c6 3. Nf3 Nf6 4. Nc3 dxc4 5. a4 Bf5 6. e3 e6 7. Bxc4 Bb4 8. O-O
O-O 9. Qe2 Nbd7 10. e4 Bg6 11. Bd3 Bh5 12. Bf4 Re8 13. e5 Nd5 14. Nxd5 exd5 15.
Bf5 Nf8 16. g4 Bg6 17. Bg3 c5 18. dxc5 Bxc5 19. Qb5 Qb6 20. Qxb6 Bxb6 21. Rfd1
Bxf5 22. gxf5 Rad8 23. Rd3 d4 24. a5 Bc5 25. Rb1 a6 26. b4 Ba7 27. b5 Bc5 28.
Nd2 Rd5 29. Nc4 g6 30. Ne3 Rdxe5 31. Bxe5 dxe3 32. Rd5 Nd7 33. Bc3 exf2+ 34.
Kf1 Re3 35. bxa6 bxa6 36. Rxc5 Re1+ 37. Bxe1 fxe1=Q+ 38. Kxe1 Nxc5 39. f6 1-0

[Event "16. Obert Internacional Sant Martí 2014"]
[Site "Barcelona ESP"]
[Date "2014.07.16"]
[Round "4.11"]
[White "Cruz Lledo, Pablo"]
[Black "Cruz, Cristhian"]
[Result "1/2-1/2"]
[WhiteElo "2373"]
[BlackElo "2563"]
[PlyCount "71"]
[EventDate "2014.07.13"]
[EventType "swiss"]
[EventRounds "9"]
[EventCountry "ESP"]
[Source "lmi"]
[SourceDate "2014.07.13"]

1. d4 Nf6 2. c4 e6 3. Nc3 Bb4 4. Qc2 c5 5. dxc5 Qc7 6. Nf3 Bxc5 7. Bg5 a6 8. e3
Be7 9. Be2 d6 10. O-O Nbd7 11. Rfd1 b6 12. Rd2 Bb7 13. Rad1 Nc5 14. Bxf6 gxf6
15. b4 Nd7 16. Ne4 Bxe4 17. Qxe4 Rc8 18. Nd4 f5 19. Nxf5 exf5 20. Qxf5 Nf6 21.
a4 Qd7 22. Qf4 Qxa4 23. Rxd6 Qc2 24. Bf3 O-O 25. Rxf6 Bxf6 26. Qxf6 Rxc4 27.
Qxb6 Qg6 28. Qxg6+ hxg6 29. Be2 Rxb4 30. Bxa6 Ra8 31. Be2 Ra2 32. Bf3 Rbb2 33.
Rf1 Rd2 34. h4 Kg7 35. g3 Rab2 36. Kg2 1/2-1/2

[Event "16. Obert Internacional Sant Martí 2014"]
[Site "Barcelona ESP"]
[Date "2014.07.16"]
[Round "4.12"]
[White "Vasquez Schroeder, Rodrigo"]
[Black "Akshat, Khamparia"]
[Result "1-0"]
[WhiteElo "2551"]
[BlackElo "2367"]
[PlyCount "97"]
[EventDate "2014.07.13"]
[EventType "swiss"]
[EventRounds "9"]
[EventCountry "ESP"]
[Source "lmi"]
[SourceDate "2014.07.13"]

1. d4 Nf6 2. c4 e6 3. Nf3 Nc6 4. g3 Bb4+ 5. Nbd2 d5 6. Bg2 O-O 7. O-O Re8 8. e3
Bd6 9. Ne1 b6 10. a3 a5 11. b3 Bb7 12. Nd3 Bf8 13. Bb2 Ne7 14. Qc2 Rc8 15. b4
dxc4 16. Bxb7 cxd3 17. Qxd3 Rb8 18. Bg2 c5 19. b5 cxd4 20. exd4 Nfd5 21. Nf3 g6
22. Ne5 Bg7 23. Rfc1 Qd6 24. Qf3 Bxe5 25. dxe5 Qd7 26. Bf1 Rec8 27. h4 Rxc1 28.
Rxc1 Rc8 29. Qd1 Rxc1 30. Qxc1 Qc7 31. Qd2 Qc5 32. Bd3 Nf5 33. Bxf5 exf5 34.
Qd3 Kf8 35. Bd4 Qc7 36. Qb3 Qd7 37. Qc4 Ke7 38. Bxb6 Nxb6 39. Qc5+ Ke8 40. Qxb6
Qd1+ 41. Kh2 Qe2 42. a4 f4 43. gxf4 Qe4 44. Qc6+ Qxc6 45. bxc6 Kd8 46. f5 gxf5
47. Kg3 Kc7 48. Kf4 Kxc6 49. Kxf5 1-0

[Event "16. Obert Internacional Sant Martí 2014"]
[Site "Barcelona ESP"]
[Date "2014.07.16"]
[Round "4.13"]
[White "Kholopov, Alexander A"]
[Black "Rahman, Ziaur"]
[Result "0-1"]
[WhiteElo "2339"]
[BlackElo "2515"]
[PlyCount "104"]
[EventDate "2014.07.13"]
[EventType "swiss"]
[EventRounds "9"]
[EventCountry "ESP"]
[Source "lmi"]
[SourceDate "2014.07.13"]

1. d4 d5 2. c4 e6 3. Nc3 Bb4 4. Nf3 Nf6 5. Qa4+ Nc6 6. Bg5 Bd7 7. Qb3 dxc4 8.
Qxc4 h6 9. Bh4 a6 10. Ne5 Be7 11. Nxd7 Nxd7 12. Bxe7 Qxe7 13. e3 e5 14. d5 Nb6
15. Qe4 Na7 16. Be2 Nac8 17. O-O Nd6 18. Qb4 O-O 19. Rac1 f5 20. Na4 Nxa4 21.
Qxa4 e4 22. Rc3 f4 23. Bg4 fxe3 24. Be6+ Kh8 25. Rxe3 c5 26. Qc2 c4 27. Qd2 Rf6
28. Qd4 Raf8 29. a4 Qc7 30. Rc3 Qa5 31. Re3 Rd8 32. Rc3 Re8 33. h4 Ref8 34. g4
Rf4 35. Rg3 e3 36. Qxe3 Ne4 37. Rg2 Nd2 38. Rd1 Nf3+ 39. Kh1 Qd8 40. Rg3 Qxh4+
41. Kg2 Qh2+ 42. Kf1 Ng5 43. Bf5 R8xf5 44. gxf5 Re4 45. d6 Rxe3 46. Rxe3 Ne4
47. Rf3 Nxd6 48. f6 gxf6 49. Rxf6 Qh1+ 50. Ke2 Qh5+ 51. Rf3 Nf7 52. Rd7 Qxf3+
0-1

[Event "16. Obert Internacional Sant Martí 2014"]
[Site "Barcelona ESP"]
[Date "2014.07.16"]
[Round "4.14"]
[White "Matsenko, Sergei"]
[Black "Gurevich, Daniel"]
[Result "1-0"]
[WhiteElo "2474"]
[BlackElo "2317"]
[PlyCount "121"]
[EventDate "2014.07.13"]
[EventType "swiss"]
[EventRounds "9"]
[EventCountry "ESP"]
[Source "lmi"]
[SourceDate "2014.07.13"]

1. e4 c5 2. Nf3 Nc6 3. Bb5 g6 4. Bxc6 dxc6 5. d3 Nf6 6. h3 Bg7 7. Nc3 Nd7 8.
Be3 e5 9. Qd2 h6 10. O-O-O Qe7 11. Nh2 Nf8 12. f4 exf4 13. Bxf4 Ne6 14. Be3 Nd4
15. Nf3 Be6 16. Kb1 O-O-O 17. Ne2 f5 18. Bxd4 cxd4 19. exf5 Bxf5 20. Rde1 Qd6
21. Qa5 Kb8 22. g4 Bc8 23. Nd2 b6 24. Qa4 Rhf8 25. Ne4 Qd5 26. Ref1 Be5 27. Qb4
c5 28. Qd2 g5 29. b3 Rf7 30. Qe1 Rdf8 31. Rxf7 Qxf7 32. N2g3 Qc7 33. Rf1 Rxf1
34. Nxf1 Bf4 35. Nfg3 Qe5 36. Nh5 Bb7 37. Nhf6 Bc6 38. b4 c4 39. dxc4 Qe6 40.
Qe2 Be3 41. Qd3 Kc7 42. a3 Qe5 43. Kb2 b5 44. cxb5 Bxb5 45. c4 dxc3+ 46. Qxc3+
Qxc3+ 47. Kxc3 Bc6 48. a4 Bb7 49. Kc4 Kd8 50. Nd5 Bg1 51. Nd6 Ba8 52. Nf7+ Kd7
53. Nxh6 Bh2 54. Nf7 Bf4 55. Nxf4 gxf4 56. Kd4 Ke6 57. Ng5+ Kf6 58. Ne4+ Kg6
59. h4 Bc6 60. b5 Bd7 61. Nf2 1-0

[Event "16. Obert Internacional Sant Martí 2014"]
[Site "Barcelona ESP"]
[Date "2014.07.16"]
[Round "4.15"]
[White "Gemy, Jose Daniel"]
[Black "Huerga Leache, Mikel"]
[Result "0-1"]
[WhiteElo "2330"]
[BlackElo "2458"]
[PlyCount "100"]
[EventDate "2014.07.13"]
[EventType "swiss"]
[EventRounds "9"]
[EventCountry "ESP"]
[Source "lmi"]
[SourceDate "2014.07.13"]

1. d4 Nf6 2. c4 g6 3. g3 Bg7 4. Bg2 d5 5. cxd5 Nxd5 6. e4 Nb6 7. Ne2 c5 8. d5
O-O 9. O-O e6 10. Nec3 Na6 11. Na3 exd5 12. exd5 Bf5 13. Be3 Qd7 14. Qd2 Bh3
15. Bh6 Bxg2 16. Kxg2 Bxh6 17. Qxh6 Rae8 18. Qd2 Nb4 19. Rfd1 Re5 20. d6 Rfe8
21. b3 Nc6 22. Nab5 a6 23. Nc7 Nd4 24. h4 Qc6+ 25. Kh3 Rd8 26. f4 Rf5 27. Qg2
Rxd6 28. Qxc6 Rxc6 29. g4 Rxf4 30. N7d5 Nxd5 31. Nxd5 Re4 32. Re1 Rxe1 33. Rxe1
Re6 34. Rc1 Kg7 35. g5 b6 36. b4 Nf5 37. bxc5 bxc5 38. Nf6 Rc6 39. Rc4 Nd6 40.
Rc2 c4 41. a4 c3 42. Nd5 Rc5 43. Ne3 h6 44. Nd1 Ne4 45. Kg4 hxg5 46. hxg5 Rxg5+
47. Kf4 f5 48. Nxc3 Rg4+ 49. Ke5 Nxc3 50. Rxc3 Re4+ 0-1

[Event "16. Obert Internacional Sant Martí 2014"]
[Site "Barcelona ESP"]
[Date "2014.07.16"]
[Round "4.16"]
[White "Munoz Pantoja, Miguel"]
[Black "Persson, Andreas"]
[Result "1-0"]
[WhiteElo "2457"]
[BlackElo "2249"]
[PlyCount "107"]
[EventDate "2014.07.13"]
[EventType "swiss"]
[EventRounds "9"]
[EventCountry "ESP"]
[Source "lmi"]
[SourceDate "2014.07.13"]

1. e4 e5 2. Nf3 Nc6 3. d4 exd4 4. Nxd4 Nf6 5. Nc3 Bb4 6. Nxc6 bxc6 7. Bd3 d5 8.
exd5 O-O 9. O-O cxd5 10. Bg5 c6 11. Qf3 Bd6 12. Bxf6 Qxf6 13. Qxf6 gxf6 14. Na4
Rb8 15. Rad1 Bg4 16. f3 Bd7 17. b3 c5 18. Nc3 Be6 19. f4 c4 20. Be2 Rfe8 21.
Bh5 cxb3 22. cxb3 d4 23. Ne4 Be7 24. Rxd4 f5 25. Nf2 Bc5 26. Rdd1 a5 27. Kh1 a4
28. Nd3 Bf8 29. bxa4 Bxa2 30. Ne5 Bg7 31. Rd2 Bb3 32. Bd1 Bxd1 33. Rfxd1 Bxe5
34. fxe5 Rb4 35. Ra2 Ra8 36. a5 Rb5 37. a6 Rb6 38. a7 Rb7 39. Rda1 Kf8 40. g3
Ke7 41. Ra6 Rb2 42. R1a2 Rb5 43. Kg2 Kf8 44. Kf3 Rxe5 45. Rb6 Ree8 46. Rb7 Kg7
47. Ra6 Red8 48. Kf4 Rdc8 49. Kxf5 Re8 50. h4 Rec8 51. h5 Re8 52. h6+ Kg8 53.
Kf6 Rf8 54. Rab6 1-0

[Event "16. Obert Internacional Sant Martí 2014"]
[Site "Barcelona ESP"]
[Date "2014.07.16"]
[Round "4.17"]
[White "Dukaczewski, Piotr"]
[Black "Ghosh, Diptayan"]
[Result "1/2-1/2"]
[WhiteElo "2303"]
[BlackElo "2468"]
[PlyCount "59"]
[EventDate "2014.07.13"]
[EventType "swiss"]
[EventRounds "9"]
[EventCountry "ESP"]
[Source "lmi"]
[SourceDate "2014.07.13"]

1. c4 c5 2. Nf3 Nc6 3. Nc3 Nd4 4. e3 Nxf3+ 5. Qxf3 g6 6. g3 Bg7 7. Bg2 d6 8.
O-O Nf6 9. h3 O-O 10. b3 Rb8 11. Bb2 Bd7 12. d4 Bc6 13. d5 Bd7 14. Qe2 a6 15.
a4 b5 16. axb5 axb5 17. Rfb1 bxc4 18. bxc4 Rb4 19. Na2 Rb6 20. Bc3 Rxb1+ 21.
Rxb1 Qc8 22. Kh2 Qa6 23. e4 Ra8 24. Rb2 Ne8 25. Bxg7 Nxg7 26. Nc3 Qa1 27. Qd2
Qa6 28. Qe2 Qa1 29. Qd2 Qa6 30. Qe2 1/2-1/2

[Event "16. Obert Internacional Sant Martí 2014"]
[Site "Barcelona ESP"]
[Date "2014.07.16"]
[Round "4.18"]
[White "Sagar, Shah"]
[Black "Hansen, Torbjorn Ringdal"]
[Result "0-1"]
[WhiteElo "2314"]
[BlackElo "2448"]
[PlyCount "132"]
[EventDate "2014.07.13"]
[EventType "swiss"]
[EventRounds "9"]
[EventCountry "ESP"]
[Source "lmi"]
[SourceDate "2014.07.13"]

1. d4 Nf6 2. c4 e6 3. Nf3 Bb4+ 4. Bd2 a5 5. Nc3 d6 6. e3 b6 7. Bd3 Bb7 8. O-O
Nbd7 9. Qc2 e5 10. Ne4 Qe7 11. a3 Bxd2 12. Nfxd2 O-O 13. Nxf6+ Nxf6 14. b4 g6
15. Nb3 c5 16. dxc5 dxc5 17. bxa5 bxa5 18. Qc3 a4 19. Nd2 Rfd8 20. Rfd1 Qc7 21.
f3 Rab8 22. Bc2 Bc6 23. Rab1 h5 24. Rxb8 Rxb8 25. Rb1 Rd8 26. Ne4 Nxe4 27. Bxe4
Bxe4 28. fxe4 Qd6 29. h3 Qd3 30. Qxd3 Rxd3 31. Kf2 Rc3 32. Rb8+ Kg7 33. Ra8
Rxc4 34. Kf3 g5 35. Ra6 f6 36. Ra5 Kg6 37. Ke2 Rxe4 38. Rxc5 g4 39. h4 g3 40.
Kf3 Rxh4 41. Kxg3 Rg4+ 42. Kf3 Kf5 43. Rc6 Kg5 44. Rc8 f5 45. Rc5 Kf6 46. Rc6+
Ke7 47. Rc7+ Kd6 48. Rf7 Ke6 49. Ra7 f4 50. Ra6+ Kf5 51. e4+ Kg5 52. Rxa4 Rg3+
53. Kf2 Re3 54. Rb4 Kg4 55. a4 Ra3 56. Rb5 Ra2+ 57. Kg1 f3 58. gxf3+ Kg3 59.
Kf1 Kxf3 60. Rb3+ Kf4 61. Rb4 h4 62. Kg1 Re2 63. a5 Ra2 64. Rb8 Kxe4 65. Rh8
Kf3 66. Rxh4 Kg3 0-1

[Event "16. Obert Internacional Sant Martí 2014"]
[Site "Barcelona ESP"]
[Date "2014.07.16"]
[Round "4.19"]
[White "Piasetski, Leon"]
[Black "Lorenzo De La Riva, Lazaro"]
[Result "0-1"]
[WhiteElo "2297"]
[BlackElo "2426"]
[PlyCount "106"]
[EventDate "2014.07.13"]
[EventType "swiss"]
[EventRounds "9"]
[EventCountry "ESP"]
[Source "lmi"]
[SourceDate "2014.07.13"]

1. Nf3 Nf6 2. c4 g6 3. Nc3 Bg7 4. e4 d6 5. d4 O-O 6. h3 e5 7. d5 Nh5 8. Nh2 Qe8
9. Be2 Nf4 10. Bf3 f5 11. g3 Nxh3 12. Bg2 fxe4 13. Nxe4 Bf5 14. Ng4 h5 15.
Nef6+ Bxf6 16. Nh6+ Kg7 17. Nxf5+ gxf5 18. Rxh3 Rh8 19. Qc2 e4 20. Bd2 Nd7 21.
O-O-O Nc5 22. Bc3 Qg6 23. Bf1 Bxc3 24. Qxc3+ Qf6 25. Qxf6+ Kxf6 26. Be2 Rh6 27.
Rdh1 Rah8 28. Rh4 Kg5 29. Kd2 Nd7 30. Ke1 Ne5 31. Kf1 Ng6 32. R4h3 h4 33. Rg1
hxg3 34. Rhxg3+ Kf6 35. Ra3 a6 36. Rb3 b6 37. c5 dxc5 38. d6 cxd6 39. Rxb6 Ke5
40. Bxa6 Nf4 41. a4 d5 42. Rxh6 Rxh6 43. Bb5 Rh8 44. Ke1 c4 45. Kd2 Kd4 46. Kc2
Nd3 47. Rd1 Kc5 48. b3 Nxf2 49. b4+ Kxb4 50. Rxd5 Nd3 51. Rd4 Rh2+ 52. Kb1 Kb3
53. Bxc4+ Kc3 0-1

[Event "16. Obert Internacional Sant Martí 2014"]
[Site "Barcelona ESP"]
[Date "2014.07.16"]
[Round "4.20"]
[White "Larsson, Anders"]
[Black "Cori T., Deysi"]
[Result "1-0"]
[WhiteElo "2270"]
[BlackElo "2414"]
[PlyCount "128"]
[EventDate "2014.07.13"]
[EventType "swiss"]
[EventRounds "9"]
[EventCountry "ESP"]
[Source "lmi"]
[SourceDate "2014.07.13"]

1. d4 Nf6 2. Nf3 g6 3. Bg5 Bg7 4. Nbd2 d5 5. e3 O-O 6. h3 c5 7. c3 Qb6 8. Qb3
Bf5 9. dxc5 Qxc5 10. Qxb7 Nbd7 11. Nb3 Qd6 12. Qa6 Qc7 13. Nfd4 e5 14. Nxf5
gxf5 15. Bxf6 Nxf6 16. Qa5 Qd6 17. Be2 Kh8 18. Rd1 Qe6 19. Bf3 e4 20. Be2 Bh6
21. g3 Qe5 22. Qc5 Bg7 23. Qd4 Qe7 24. Qd2 Qe5 25. Nd4 Rg8 26. Nc6 Qc7 27. Nd4
Qe5 28. Bf1 Rac8 29. Ba6 Rc5 30. Nb3 Rc7 31. Be2 Bh6 32. Qd4 Qd6 33. c4 Bg7 34.
c5 Qe7 35. Qd2 Qe5 36. Qd4 Qe7 37. Rc1 Rd8 38. Qd2 Nd7 39. c6 Ne5 40. Nd4 Qf6
41. b4 Nxc6 42. b5 Nxd4 43. Rxc7 Ne6 44. Rxa7 Qa1+ 45. Qd1 Qc3+ 46. Kf1 d4 47.
Kg2 Qb2 48. Re1 dxe3 49. Rd7 Rxd7 50. Qxd7 exf2 51. Qc8+ Bf8 52. Kxf2 Kg7 53.
Qc4 Qe5 54. Rd1 Bc5+ 55. Kg2 f4 56. Qd5 f3+ 57. Bxf3 exf3+ 58. Qxf3 Ng5 59. Qd3
Qf6 60. Rd2 Qa1 61. Qf1 Qc3 62. Qd3 Qf6 63. h4 Ne6 64. Qf3 Qa1 1-0

[Event "16. Obert Internacional Sant Martí 2014"]
[Site "Barcelona ESP"]
[Date "2014.07.16"]
[Round "4.21"]
[White "Palit, Somak"]
[Black "Amigo Vilalta, Jordi"]
[Result "0-1"]
[WhiteElo "2411"]
[BlackElo "2231"]
[PlyCount "98"]
[EventDate "2014.07.13"]
[EventType "swiss"]
[EventRounds "9"]
[EventCountry "ESP"]
[Source "lmi"]
[SourceDate "2014.07.13"]

1. e4 c6 2. Nc3 d5 3. Nf3 dxe4 4. Nxe4 Bg4 5. h3 Bxf3 6. Qxf3 Nd7 7. d4 Ngf6 8.
c3 Nxe4 9. Qxe4 e6 10. Bd3 Nf6 11. Qe2 Qc7 12. Bd2 Be7 13. h4 Nd5 14. g3 O-O-O
15. O-O-O c5 16. dxc5 Qxc5 17. Kb1 Bf6 18. h5 h6 19. f4 Rd6 20. Bc4 Rhd8 21.
Bb3 a5 22. g4 Rb6 23. Ka1 a4 24. Bxd5 Rxd5 25. Be3 Rxb2 26. Qxb2 Qxe3 27. Rde1
Qxc3 28. Rc1 Qxc1+ 29. Rxc1+ Kd7 30. Rf1 Rd2 31. Qxf6 gxf6 32. g5 Rh2 33. Rb1
Kc6 34. Rc1+ Kd5 35. gxh6 Rxh5 36. Rc7 b5 37. Rxf7 Rxh6 38. Kb2 Ke4 39. Rb7 Rh5
40. Rb6 Kxf4 41. Rxe6 Kf5 42. Rb6 Kg6 43. Ka3 Re5 44. Kb4 Kg5 45. Rb8 f5 46.
Kc3 Rd5 47. Rg8+ Kh4 48. Rh8+ Kg3 49. Rg8+ Kf3 0-1

[Event "16. Obert Internacional Sant Martí 2014"]
[Site "Barcelona ESP"]
[Date "2014.07.16"]
[Round "4.22"]
[White "Smirnov, Boris"]
[Black "Aloma Vidal, Robert"]
[Result "1/2-1/2"]
[WhiteElo "2145"]
[BlackElo "2406"]
[PlyCount "136"]
[EventDate "2014.07.13"]
[EventType "swiss"]
[EventRounds "9"]
[EventCountry "ESP"]
[Source "lmi"]
[SourceDate "2014.07.13"]

1. c4 e5 2. g3 Nc6 3. Bg2 Bc5 4. Nc3 d6 5. Nf3 a6 6. O-O Nf6 7. a3 O-O 8. b4
Ba7 9. h3 h6 10. d3 Nd4 11. Kh2 c6 12. e3 Nxf3+ 13. Qxf3 Be6 14. Bb2 Qd7 15.
Qe2 Rae8 16. Qc2 Nh7 17. Ne2 Ng5 18. Ng1 f5 19. f4 exf4 20. exf4 Nh7 21. Nf3
Bf7 22. Rae1 Bh5 23. Qc3 Nf6 24. Rxe8 Rxe8 25. Re1 Kf7 26. Rxe8 Qxe8 27. Qe1
Qxe1 28. Nxe1 Bd1 29. Bf3 Bb3 30. Be2 Be3 31. Nf3 c5 32. bxc5 dxc5 33. Ne5+ Ke6
34. Bf3 b5 35. Bb7 b4 36. axb4 cxb4 37. Bxa6 Kd6 38. Nf3 Bc2 39. Nh4 Ke6 40.
Bc8+ Kf7 41. Nxf5 Bd2 42. Be6+ Kf8 43. c5 Bc3 44. c6 Ne8 45. Bc1 Nc7 46. Bc4
Ba4 47. Be3 b3 48. Bc5+ Ke8 49. Nd6+ Kd8 50. Ne4 Ba1 51. Nd2 b2 52. Ba2 Bxc6
53. Nb1 Bb5 54. Bf8 g6 55. Bxh6 Bxd3 56. Bf8 Nd5 57. Bxd5 Bxb1 58. Bg7 Bf5 59.
Ba2 b1=Q 60. Bxb1 Bxg7 61. Bxf5 gxf5 62. g4 Ke7 63. gxf5 Kf6 64. Kg3 Kxf5 65.
Kf3 Bh6 66. h4 Bxf4 67. h5 Kg5 68. h6 Kxh6 1/2-1/2

[Event "16. Obert Internacional Sant Martí 2014"]
[Site "Barcelona ESP"]
[Date "2014.07.16"]
[Round "4.23"]
[White "Matsenko, Vadim"]
[Black "Sanchez Enriquez, Oscar Gerard"]
[Result "0-1"]
[WhiteElo "2108"]
[BlackElo "2401"]
[PlyCount "128"]
[EventDate "2014.07.13"]
[EventType "swiss"]
[EventRounds "9"]
[EventCountry "ESP"]
[Source "lmi"]
[SourceDate "2014.07.13"]

1. e4 e6 2. d4 d5 3. Nd2 a6 4. Ngf3 Nf6 5. Bd3 c5 6. c3 Nc6 7. O-O cxd4 8. cxd4
dxe4 9. Nxe4 Be7 10. Bg5 Nxe4 11. Bxe7 Nxf2 12. Rxf2 Qxe7 13. Be4 O-O 14. Bxc6
bxc6 15. Rc1 Bb7 16. Rc5 Rad8 17. Qc2 Rd5 18. b4 Rfd8 19. a3 f6 20. Re2 Qd6 21.
Re4 Rxc5 22. bxc5 Qd5 23. Re2 a5 24. Re1 Re8 25. Qb2 Bc8 26. Qb6 a4 27. Qb4 e5
28. Qxa4 Bg4 29. Nd2 Rd8 30. Qb3 exd4 31. Re4 Qxb3 32. Nxb3 Bf5 33. Rxd4 Ra8
34. a4 Be6 35. Nd2 Bd5 36. Ne4 Ra5 37. Nc3 Bb3 38. Rb4 Bc2 39. Rc4 Kf7 40. Kf2
Bb3 41. Rb4 Be6 42. Ne4 Kg6 43. Rd4 Bb3 44. Rd3 Bd5 45. Nd6 f5 46. Rg3+ Kf6 47.
Ne8+ Kf7 48. Nd6+ Kf6 49. Ne8+ Ke5 50. Rxg7 Rxa4 51. g3 Ra2+ 52. Ke3 Ra3+ 53.
Kf2 Kd4 54. Nd6 Ra2+ 55. Ke1 Rxh2 56. Nxf5+ Kxc5 57. Nh4 Be4 58. Rg4 Kd5 59.
Rf4 c5 60. Nf3 Rg2 61. Nd2 Bd3 62. g4 c4 63. Nf3 Kc5 64. g5 Kb4 0-1